| 000 | 01886nam0a22003251 4500 | ||
|---|---|---|---|
| 001 | rc\2307214 | ||
| 005 | 20110829141630.5 | ||
| 035 | _a(NLR Aleph) 006669692 | ||
| 090 |
_a4976456 _c4976456 |
||
| 100 | _a20110829d1977 |||y0rusy50 ca | ||
| 101 | 0 | _arus | |
| 102 | _aRU | ||
| 105 | _aa z ||||| | ||
| 200 | 1 |
_aСовременное состояние и перспективы развития механизации применения жидких комплексных удобрений за рубежом _eОбзор _f[С.Д. Шеруда, Я.К. Омелюх, З.И. Пискозуб и др.] |
|
| 210 |
_aМосква _cЦНИИТЭИтракторосельхозмаш _d1977 |
||
| 215 |
_a47 с. _cил. _d21 |
||
| 225 | 1 |
_aОбзорная информация _fЦНИИ информации и технико-экономических исследований по тракторному и сельскохозяйственному машиностроению _iСерия "Сельскохозяйственные машины, агрегаты и узлы" |
|
| 320 | _aСписок лит.: с. 44-46 (42 назв.) | ||
| 606 |
_aСельскохозяйственные машины и орудия для внесения удобрений _jОбзоры литературы информационные _xЗарубежные страны _2rkp |
||
| 606 |
_aМинеральные удобрения, комплексные жидкие _jОбзоры литературы информационные _2rkp |
||
| 701 | 1 |
_aПискозуб _bЗ. И. |
|
| 701 | 1 |
_aШеруда _bС. Д. _gСтепан Дмитриевич |
|
| 701 | 1 |
_aОмелюх _bЯ. К. |
|
| 801 | 0 |
_aRU _bNLR _gpsbo |
|
| 801 | 1 |
_aRU _bELAR _2rusmarc |
|
| 852 |
_aNLR _j77-6/10961 |
||
| 899 |
_aRuMoRGB _jБ 78-53/576 |
||
| 899 |
_aRuMoRGB _jБ 78-53/577 |
||
| 942 | _cBOOK | ||
| 980 | _aNB | ||